|
|
แสดงรายละเอียดบรรณานุกรม |
|
|
Brief Record
: Get Marc (ISO 2709)
: E-mail record
: |
|
|
| LEADER 00000nam 2200000uu 4500 | |||
| 001 211930 | |||
| 003 ULIBM | |||
| 008 180417s||||||||th 000 0 tha d | |||
| 020 ^a978-974-475-348-9 | |||
| 040 ^abcnkk | |||
| 041 ^atha | |||
| 090 ^aนว ซ319 2553 | |||
| 100 0 ^aซอร์เรสส์,วอลเทอร์ | |||
| 245 00 ^aไล่:^b Club Dread/^cวอลเทอร์,ซอร์เรสส์ : เขียน ; วีระยุทธ เลิศพูนผล,แปล | |||
| 260 ^aกรุงเทพฯ :^bแพรว,^c2553 | |||
| 300 ^a192 หน้า ;^c21 ซม | |||
| 440 ^aวรรณกรรมแปล ;ลำดับที่ 264 | |||
| 650 0 ^aนวนิยายอเมริกัน | |||
| 700 0 ^aวีระยุทธ เลิศพูนผล,ผู้แปล | |||
| 700 0 ^aSorrells,Walter | |||
| 999 ^aใช้งานได้ทุกระบบ | |||
| คุณยังไม่ได้ล็อกอิน คุณสามารถมีกิจกรรมร่วมกับเว็บไซต์ได้ แต่ต้องล็อกอินก่อน :: |
|
| สถานะ | |||||||||
| 1. | นวนิยาย | นว ซ319 2553 ฉ.1 | On Shelf ขอยืม | ||||||
| Note:บริจาค | |||||||||
| [แสดง 1/1 รายการ] | |||||||||
BibComment |
| คอมเมนท์ทรัพยากรรายการนี้ |
|
|